000 01233nam a22003617a 4500
003 CHAP
005 20220329140926.0
008 971013s1996 r 00010 d
010 _a59890
011 _a60862
035 _a65025
040 _cCHAP
090 _aTesis
100 0 0 _aPérez Pérez, Lorenzo Moisés.
_989931
245 _aPotencial productivo de semilla botánica de germoplasma mexicano de Solanum tuberosum L.
260 _aChapingo, Méx. :
_bEl autor,
_c1996
300 _a67 h.
502 _aTesis (Ing. Agr. Esp. en Fitotecnia) -- UACH. Departamento de Fitotecnia
590 _aALEPH
_b10
_c20130110
_lUCH01
_h1338
590 _aBATCH-UPD
_b10
_c20130110
_lUCH01
_h0422
590 _aBATCH-UPD
_b10
_c20130410
_lUCH01
_h0057
590 _aBATCH-UPD
_b10
_c20130410
_lUCH01
_h1519
590 _aBATCH-UPD
_b10
_c20130914
_lUCH01
_h1858
590 _aCONVERSION
_b10
_c20130109
_lUCH01
_h1332
650 1 4 _aPapa
_xGermoplasma.
_985242
650 1 4 _aPapa
_xPropagación.
_985279
650 1 4 _aPapa
_xSemilla.
_985288
650 1 4 _aSemillas
_xRendimiento.
_9103930
901 _aBK
942 _cFOLL
949 _bBC
_cTES
_d-143745
_eTS1
_h28854
_i65025
_si
949 _bBC
_cTES
_d33724000078812
_eTS2
_fc.2
_h28855
_i65025
_si
999 _c59890
_d59890